| 000 | 01826aam a2200481Ia 4500 | ||
|---|---|---|---|
| 001 | sjds1444302 | ||
| 003 | sjds | ||
| 005 | 20220710141020.0 | ||
| 008 | 040127t20011981sp a b 000 1 spa d | ||
| 020 | _a8434809028 (paperback) | ||
| 020 | _a9788434809024 (paperback) | ||
| 035 | _a(OCoLC)54089775 | ||
| 040 |
_aDVA _beng _cDVA _dBAKER _dBTCTA _dOCLCQ _dOCLCF _dOCLCQ _dOCLCO _dIFA |
||
| 041 | _aspa | ||
| 049 | _aIFAA | ||
| 099 | _f2001 | ||
| 999 |
_c27226 _d27226 |
||
| 999 | _bESPANOL CHILDREN FICTION ARMIJO 2001 | ||
| 100 | 1 |
_aArmijo, Consuelo, _eauthor. |
|
| 245 | 1 | 0 |
_aAniceto, el vencecanguelos / _cConsuelo Armijo ; [ilustraciones de cubierta, Margarita Puncel]. |
| 250 | _aPrimera edicion. | ||
| 260 |
_aMadrid : _bEdiciones SM, _c2000, c1981. |
||
| 300 |
_a155 pages : _billustrations ; _c19 cm. |
||
| 336 |
_atext _btxt _2rdacontent |
||
| 337 |
_aunmediated _bn _2rdamedia |
||
| 338 |
_avolume _bnc _2rdacarrier |
||
| 490 | 1 |
_aEl barco de vapor ; _v4 |
|
| 520 | _aAniceto is a fearful boy who has a rich imagination. He has to confront fears such as a visit from his aunt and uncle, a small airplane ride, the ridicule of friends, and even his chemistry teacher. When Aniceto excels at his first job, he becomes a more mature person. | ||
| 521 | 1 | _aA partir de 7 a?os. | |
| 586 | _aPremio C.C.E.I., 1982. | ||
| 586 | _aPremio Lazarillo, 1974. | ||
| 586 | _aPremio El Barco de Vapor, 1978. | ||
| 586 | _aPremio C.C.E.I., 1982. | ||
| 586 | _aPremio Lazarillo, 1974. | ||
| 586 | _aPremio El Barco de Vapor, 1978. | ||
| 586 | _aPremio C.C.E.I., 1982. | ||
| 586 | _aPremio Lazarillo, 1974. | ||
| 586 | _aPremio El Barco de Vapor, 1978. | ||
| 650 | 0 |
_aFear _vJuvenile fiction. |
|
| 650 | 7 |
_aMiedo _vNovela juvenil. _2bidex |
|
| 700 | 1 | _aPuncel, Margarita. | |
| 830 | 0 |
_aBarco de vapor. _pSerie azul ; _v4. |
|
| 942 | _cBK | ||